Der Kampf zwischen Kapital und Arbeit (Record no. 134466)
[ view plain ]
| 000 -LEADER | |
|---|---|
| campo de control de longitud fija | 00524nam a2200169 i 4500 |
| 001 - NÚMERO DE CONTROL | |
| campo de control | 134466 |
| 003 - IDENTIFICADOR DE NÚMERO DE CONTROL | |
| campo de control | ES-MaACL |
| 005 - FECHA Y HORA DE LA ÚLTIMA TRANSACCIÓN | |
| campo de control | 20230906194659.0 |
| 007 - CAMPO FIJO DE DESCRIPCIÓN FÍSICA--INFORMACIÓN GENERAL | |
| campo de control de longitud fija | t| |
| 008 - DATOS DE LONGITUD FIJA--INFORMACIÓN GENERAL | |
| campo de control de longitud fija | 070911s1920 gw ||||1| ger d |
| 100 1# - ENTRADA PRINCIPAL--NOMBRE DE PERSONA | |
| Nombre de persona | Weber, Adolf. |
| 9 (RLIN) | 116248 |
| 245 14 - MENCIÓN DEL TÍTULO | |
| Título | Der Kampf zwischen Kapital und Arbeit |
| Resto del título | : Gewerkschaften und Arbeitgeberverbèande in Deutschland / |
| Mención de responsabilidad, etc. | von Adolf Weber. |
| 250 ## - MENCION DE EDICION | |
| Mención de edición | 2ª. aufl. |
| 260 ## - PUBLICACIÓN, DISTRIBUCIÓN, ETC. | |
| Lugar de publicación, distribución, etc. | Tübingen : |
| Nombre del editor, distribuidor, etc. | [s.n.], |
| Fecha de publicación, distribución, etc. | 1920 ( |
| Fabricante | H. Laupp) |
| 300 ## - DESCRIPCIÓN FÍSICA | |
| Extensión | XIX, 448 p. ; |
| Dimensiones | 24 cm. |
| 852 ## - LOCALIZACIÓN | |
| Ubicación | ES-MaACL |
| Número de control de estantería | G-1698 |
| Estatus retirado | Estado de pérdida | Estado de daño | No para préstamo | Biblioteca de origen | Biblioteca actual | Ubicación en estantería | Fecha de adquisición | Fuente de adquisición | Total de préstamos | Signatura topográfica completa | Código de barras | Visto por última vez | Precio de reemplazo | Tipo de ítem Koha |
|---|---|---|---|---|---|---|---|---|---|---|---|---|---|---|
| Biblioteca del Ateneo de Madrid | Biblioteca del Ateneo de Madrid | Depósito 2 | 17/01/2008 | G-1698 | 1139963 | 23/02/2023 | 23/02/2023 | Libro impreso |
